[Event "ECU-ch"]
[Site "Quito"]
[Date "2023.06.24"]
[Round "6"]
[White "Norona Obaco, Wenceslao Rodrigo"]
[Black "Viscaino Yanez, Jhonny Cesar"]
[Result "1-0"]
[WhiteElo "1721"]
[BlackElo "1920"]
[PlyCount "99"]
[EventDate "2023.06.21"]
[EventType "swiss"]
[EventRounds "9"]
[EventCountry "ECU"]
[SourceTitle "CBM 215 Extra"]
[Source "ChessBase"]
[SourceDate "2023.09.30"]
[SourceVersion "1"]
[SourceVersionDate "2023.09.30"]
[SourceQuality "1"]

1. e4 c5 2. Nf3 e6 3. d4 cxd4 4. Nxd4 Nf6 5. Nc3 Nc6 6. Nxc6 bxc6 7. e5 Nd5 8. Ne4 Qc7 9. f4 Qb6 10. c4 Bb4+ 11. Ke2 f5 12. exf6 Nxf6 13. Be3 Qa5 14. Nxf6+ gxf6 15. Kf2 0-0 16. a3 Bc5 17. b4 Bxe3+ 18. Kxe3 Qc7 19. c5 a5 20. Bd3 Ba6 21. Bc2 Rf7 22. Qg4+ Rg7 23. Qh4 f5 24. Rhd1 Bc4 25. g3 Bd5 26. Qf6 Rg4 27. Bd3 Re8 28. Kd2 Rb8 29. Rab1 Rg6 30. Qc3 axb4 31. Rxb4 Rxb4 32. axb4 Rh6 33. h4 Rg6 34. Be2 e5 35. Ra1 Re6 36. Ra8+ Kg7 37. Bd3 Qb7 38. Ra1 Kf6 39. Rf1 Be4 40. fxe5+ Ke7 41. Bxe4 fxe4 42. Rf4 Qa6 43. Rxe4 Rg6 44. h5 Qa2+ 45. Kc1 Rxg3 46. Qxg3 Qa1+ 47. Kd2 Qb2+ 48. Ke3 Qc3+ 49. Kf4 Kf7 50. Qxc3 1-0

[Event "ECU-ch"]
[Site "Quito"]
[Date "2023.06.22"]
[Round "3"]
[White "Norona Obaco, Wenceslao Rodrigo"]
[Black "Pazos Gambarrotti, Plinio Efrain"]
[Result "1-0"]
[WhiteElo "1721"]
[BlackElo "2024"]
[PlyCount "65"]
[EventDate "2023.06.21"]
[EventType "swiss"]
[EventRounds "9"]
[EventCountry "ECU"]
[SourceTitle "CBM 215 Extra"]
[Source "ChessBase"]
[SourceDate "2023.09.30"]
[SourceVersion "1"]
[SourceVersionDate "2023.09.30"]
[SourceQuality "1"]

1. e4 c5 2. Nf3 Nc6 3. d4 cxd4 4. Nxd4 Nf6 5. Nc3 d6 6. Bg5 Qb6 7. Nb3 e6 8. Bf4 Ne5 9. Be3 Qc7 10. f4 Ned7 11. Qf3 a6 12. 0-0-0 b5 13. a3 Bb7 14. g4 Rc8 15. Bd3 d5 16. exd5 Nxd5 17. Ne4 N7f6 18. g5 Nxe3 19. Nxf6+ gxf6 20. Qxe3 Bxh1 21. Rxh1 Bd6 22. Rf1 Qe7 23. h4 f5 24. Qb6 Ra8 25. Qc6+ Kf8 26. Qxa8+ Kg7 27. Qxa6 Qc7 28. Qxb5 Bxf4+ 29. Kb1 Rb8 30. Qa4 Be5 31. h5 Qb7 32. Qa5 Bc7 33. Qc3+ 1-0